[Event "Pan American-ch School U15 12th"]
[Site "Callao"]
[Date "2023.10.16"]
[Round "1"]
[White "Rodriguez Contreras, Bryan Patrik"]
[Black "Yujra Paredez, Ignacio Tadeo"]
[Result "0-1"]
[WhiteElo "1205"]
[BlackElo "1611"]
[PlyCount "78"]
[EventDate "2023.10.16"]
[EventType "swiss"]
[EventRounds "9"]
[EventCountry "PER"]
[SourceTitle "Mega2024 Update 01"]
[Source "Chessbase"]
[SourceDate "2023.11.12"]
[SourceVersion "1"]
[SourceVersionDate "2023.11.12"]
[SourceQuality "1"]

1. d4 Nf6 2. Nf3 c5 3. d5 b5 4. e3 Bb7 5. c4 g6 6. a3 Bg7 7. Nc3 b4 8. axb4 cxb4 9. Qb3 a5 10. Na4 Na6 11. Bd3 0-0 12. e4 d6 13. Be3 Nd7 14. 0-0 Qc7 15. Nd4 Nac5 16. Nxc5 Nxc5 17. Qd1 a4 18. Nb5 Qa5 19. Bxc5 dxc5 20. Qe2 Ba6 21. f4 Bxb5 22. cxb5 Bd4+ 23. Kh1 a3 24. Rfb1 Qc7 25. Ra2 Bxb2 26. Qf1 b3 27. Raxb2 axb2 28. Rxb2 Ra3 29. Bc4 Qa5 30. Rxb3 Rxb3 31. Bxb3 Qc3 32. d6 Qxb3 33. dxe7 Re8 34. h4 Rxe7 35. e5 Rd7 36. Kh2 c4 37. f5 Qxb5 38. e6 fxe6 39. fxe6 Qe5+ 0-1